[Event "XXVI Miedzynarodowy Festiwal Szachowy im.Jozefa Dominika"]
[Site "Dobczyce"]
[Date "2018.07.12"]
[Round "3.5"]
[White "Slabek, Grzegorz"]
[Black "Marzec, Karol"]
[Result "1/2-1/2"]
[BlackElo "2006"]
[WhiteElo "1971"]
[LiveChessVersion "1.4.8"]

1. Nf3 {[%clk 1:30:58]} g6 {[%clk 1:30:40]} 2. e3 {[%clk 1:30:35]} Bg7
{[%clk 1:30:50]} 3. d4 {[%clk 1:31:02]} Nf6 {[%clk 1:30:55]} 4. Be2
{[%clk 1:31:26]} O-O {[%clk 1:31:03]} 5. O-O {[%clk 1:31:50]} d6 {[%clk 1:30:45]}
6. b3 {[%clk 1:32:14]} Nbd7 {[%clk 1:29:58]} 7. Bb2 {[%clk 1:32:40]} c6
{[%clk 1:28:35]} 8. c4 {[%clk 1:33:02]} Qc7 {[%clk 1:28:28]} 9. Nc3
{[%clk 1:33:13]} e5 {[%clk 1:26:10]} 10. Qc2 {[%clk 1:33:11]} exd4
{[%clk 1:26:19]} 11. Nxd4 {[%clk 1:33:12]} Nc5 {[%clk 1:25:14]} 12. Rad1
{[%clk 1:31:37]} Rd8 {[%clk 1:24:02]} 13. b4 {[%clk 1:31:36]} Ne6
{[%clk 1:23:59]} 14. Nb3 {[%clk 1:32:01]} Nf8 {[%clk 1:18:02]} 15. Rd2
{[%clk 1:29:46]} Be6 {[%clk 1:17:03]} 16. Rfd1 {[%clk 1:29:21]} Rac8
{[%clk 1:16:24]} 17. Nd4 {[%clk 1:29:14]} Bg4 {[%clk 1:14:37]} 18. Nf3
{[%clk 1:25:21]} d5 {[%clk 1:05:42]} 19. cxd5 {[%clk 1:21:24]} Nxd5
{[%clk 0:59:07]} 20. Nxd5 {[%clk 1:21:12]} cxd5 {[%clk 0:59:08]} 21. Qb3
{[%clk 1:17:18]} Bxb2 {[%clk 0:58:20]} 22. Qxb2 {[%clk 1:17:25]} Qc3
{[%clk 0:55:31]} 23. h3 {[%clk 1:16:43]} Qxb2 {[%clk 0:54:11]} 24. Rxb2
{[%clk 1:17:11]} Be6 {[%clk 0:53:41]} 25. Rbd2 {[%clk 1:17:27]} Nd7
{[%clk 0:52:59]} 26. e4 {[%clk 1:13:22]} Nf6 {[%clk 0:49:45]} 27. Ng5
{[%clk 1:11:46]} h6 {[%clk 0:49:23]} 28. Nxe6 {[%clk 1:11:45]} fxe6
{[%clk 0:49:30]} 29. exd5 {[%clk 1:09:57]} Rxd5 {[%clk 0:48:12]} 30. Bf3
{[%clk 1:10:02]} Rxd2 {[%clk 0:48:09]} 31. Rxd2 {[%clk 1:10:27]} b6
{[%clk 0:47:54]} 32. b5 {[%clk 1:10:12]} Kf7 {[%clk 0:47:07]} 33. Bb7
{[%clk 1:10:40]} Rc7 {[%clk 0:47:04]} 34. Bc6 {[%clk 1:11:03]} Ke7
{[%clk 0:46:54]} 35. g4 {[%clk 1:09:53]} g5 {[%clk 0:45:35]} 36. Kg2
{[%clk 1:10:00]} Rc8 {[%clk 0:42:26]} 37. Rd3 {[%clk 1:08:38]} a5
{[%clk 0:39:41]} 38. a3 {[%clk 1:06:05]} Rd8 {[%clk 0:39:25]} 39. Rc3 1/2-1/2

[Event "XXVI Miedzynarodowy Festiwal Szachowy im.Jozefa Dominika"]
[Site "Dobczyce"]
[Date "2018.07.12"]
[Round "3.6"]
[White "Kuciel, Wladyslaw"]
[Black "Golenia, Jan"]
[Result "0-1"]
[BlackElo "1986"]
[WhiteElo "1963"]
[LiveChessVersion "1.4.8"]

1. d4 {[%clk 1:28:27]} Nf6 {[%clk 1:29:03]} 2. c4 {[%clk 1:28:44]} g6
{[%clk 1:29:30]} 3. Nc3 {[%clk 1:29:06]} d5 {[%clk 1:29:55]} 4. cxd5
{[%clk 1:29:31]} Nxd5 {[%clk 1:30:20]} 5. e4 {[%clk 1:29:57]} Nxc3
{[%clk 1:30:44]} 6. bxc3 {[%clk 1:30:24]} Bg7 {[%clk 1:31:07]} 7. Bc4
{[%clk 1:30:46]} c5 {[%clk 1:31:06]} 8. Ne2 {[%clk 1:31:09]} Nc6 {[%clk 1:28:05]}
9. Be3 {[%clk 1:31:31]} Qa5 {[%clk 1:27:35]} 10. O-O {[%clk 1:29:55]} O-O
{[%clk 1:25:52]} 11. Rb1 {[%clk 1:26:43]} cxd4 {[%clk 1:23:56]} 12. cxd4
{[%clk 1:26:32]} Rb8 {[%clk 1:22:22]} 13. Bd5 {[%clk 1:14:48]} Bd7
{[%clk 1:18:49]} 14. Bf4 {[%clk 1:14:08]} e5 {[%clk 1:16:00]} 15. Bg3
{[%clk 1:12:48]} Qa6 {[%clk 1:03:28]} 16. Qd2 {[%clk 1:00:12]} Be6
{[%clk 0:51:31]} 17. Rfc1 {[%clk 0:53:21]} Rbd8 {[%clk 0:49:48]} 18. Rc5
{[%clk 0:41:08]} exd4 {[%clk 0:30:09]} 19. Bxc6 {[%clk 0:40:35]} bxc6
{[%clk 0:30:34]} 20. Ra5 {[%clk 0:40:51]} Qc8 {[%clk 0:30:57]} 21. Rxa7
{[%clk 0:40:48]} Rd7 {[%clk 0:30:49]} 22. Ra5 {[%clk 0:38:35]} c5
{[%clk 0:25:31]} 23. e5 {[%clk 0:37:07]} c4 {[%clk 0:23:11]} 24. Qb4
{[%clk 0:36:55]} Rfd8 {[%clk 0:18:26]} 25. h3 {[%clk 0:36:22]} Bf8
{[%clk 0:18:16]} 26. Qe1 {[%clk 0:34:10]} c3 {[%clk 0:18:20]} 27. Rc1
{[%clk 0:34:15]} Bb4 {[%clk 0:16:53]} 28. Ra4 {[%clk 0:34:45]} d3
{[%clk 0:16:48]} 29. Rxb4 {[%clk 0:35:03]} d2 {[%clk 0:17:13]} 0-1

[Event "XXVI Miedzynarodowy Festiwal Szachowy im.Jozefa Dominika"]
[Site "Dobczyce"]
[Date "2018.07.12"]
[Round "3.7"]
[White "Cisek, Kamil"]
[Black "Kozak, Antoni"]
[Result "0-1"]
[BlackElo "2208"]
[WhiteElo "1726"]
[LiveChessVersion "1.4.8"]

1. d4 {[%clk 1:30:57]} Nf6 {[%clk 1:27:33]} 2. c4 {[%clk 1:31:19]} e6
{[%clk 1:27:59]} 3. g3 {[%clk 1:31:37]} c5 {[%clk 1:28:23]} 4. d5
{[%clk 1:31:44]} exd5 {[%clk 1:28:46]} 5. cxd5 {[%clk 1:32:04]} d6
{[%clk 1:29:12]} 6. Nc3 {[%clk 1:31:54]} g6 {[%clk 1:29:36]} 7. Bg2
{[%clk 1:31:48]} Bg7 {[%clk 1:29:59]} 8. Nf3 {[%clk 1:31:28]} O-O
{[%clk 1:30:20]} 9. O-O {[%clk 1:31:45]} Re8 {[%clk 1:30:45]} 10. Bf4
{[%clk 1:31:24]} a6 {[%clk 1:27:39]} 11. a4 {[%clk 1:31:34]} Nh5 {[%clk 1:16:12]}
12. Bg5 {[%clk 1:24:10]} Qb6 {[%clk 1:16:32]} 13. Qd2 {[%clk 1:21:52]} Nd7
{[%clk 1:16:25]} 14. Rfe1 {[%clk 1:21:04]} Qb4 {[%clk 1:05:31]} 15. e4
{[%clk 1:16:53]} Nb6 {[%clk 1:02:59]} 16. Qc2 {[%clk 1:14:03]} Bd7
{[%clk 1:01:53]} 17. Nd2 {[%clk 1:12:06]} h6 {[%clk 0:54:35]} 18. Be3
{[%clk 1:11:09]} Nc4 {[%clk 0:53:58]} 19. Nxc4 {[%clk 1:07:58]} Qxc4
{[%clk 0:54:27]} 20. a5 {[%clk 1:00:55]} Qb4 {[%clk 0:50:17]} 21. Bd2
{[%clk 0:50:54]} Qd4 {[%clk 0:43:56]} 22. Ne2 {[%clk 0:43:53]} Qf6
{[%clk 0:42:12]} 23. Bc3 {[%clk 0:44:04]} Qd8 {[%clk 0:42:32]} 24. Bxg7
{[%clk 0:44:26]} Kxg7 {[%clk 0:42:57]} 25. f4 {[%clk 0:43:03]} b5
{[%clk 0:42:06]} 26. Nc3 {[%clk 0:41:50]} Qc7 {[%clk 0:41:38]} 27. b3
{[%clk 0:41:29]} Rac8 {[%clk 0:40:50]} 28. Nd1 {[%clk 0:33:20]} Kg8
{[%clk 0:37:24]} 29. Nf2 {[%clk 0:31:37]} c4 {[%clk 0:33:24]} 30. b4
{[%clk 0:31:47]} c3 {[%clk 0:33:48]} 31. Bf1 {[%clk 0:31:16]} Qa7
{[%clk 0:33:37]} 32. Rad1 {[%clk 0:29:41]} Nf6 {[%clk 0:32:54]} 33. Kg2
{[%clk 0:28:33]} Ng4 {[%clk 0:32:36]} 34. Nxg4 {[%clk 0:28:05]} Bxg4
{[%clk 0:33:04]} 35. Rb1 {[%clk 0:23:27]} Qd4 {[%clk 0:33:08]} 36. Bd3
{[%clk 0:20:32]} f5 {[%clk 0:28:51]} 37. h3 {[%clk 0:13:36]} fxe4
{[%clk 0:28:02]} 38. Rxe4 {[%clk 0:13:50]} Rxe4 {[%clk 0:28:15]} 39. Bxe4
{[%clk 0:14:15]} Qd2+ {[%clk 0:28:20]} 40. Kg1 {[%clk 0:13:59]} Bxh3
{[%clk 0:08:37]} 41. Bxg6 {[%clk 0:13:32]} Qxd5 {[%clk 0:08:38]} 42. Rd1
{[%clk 0:11:40]} Qe6 {[%clk 0:08:36]} 43. Kf2 {[%clk 0:11:05]} Bg4
{[%clk 0:08:23]} 44. Re1 {[%clk 0:08:46]} Qd5 {[%clk 0:08:36]} 45. Kg1
{[%clk 0:08:20]} Qd4+ {[%clk 0:08:15]} 46. Kh2 {[%clk 0:08:43]} Qd2+
{[%clk 0:08:36]} 47. Kg1 {[%clk 0:09:03]} Qxe1+ {[%clk 0:08:59]} 0-1

[Event "XXVI Miedzynarodowy Festiwal Szachowy im.Jozefa Dominika"]
[Site "Dobczyce"]
[Date "2018.07.12"]
[Round "3.8"]
[White "Mirski, Michal"]
[Black "Mirowska, Oliwia"]
[Result "1/2-1/2"]
[BlackElo "1429"]
[WhiteElo "1973"]
[LiveChessVersion "1.4.8"]

1. e4 {[%clk 1:30:58]} d6 {[%clk 1:30:46]} 2. d4 {[%clk 1:31:22]} Nf6
{[%clk 1:31:11]} 3. Nc3 {[%clk 1:31:48]} e5 {[%clk 1:30:45]} 4. dxe5
{[%clk 1:32:00]} dxe5 {[%clk 1:31:11]} 5. Qxd8+ {[%clk 1:32:24]} Kxd8
{[%clk 1:31:37]} 6. Bg5 {[%clk 1:31:50]} Be6 {[%clk 1:31:05]} 7. O-O-O+
{[%clk 1:32:06]} Nbd7 {[%clk 1:30:57]} 8. Nf3 {[%clk 1:31:11]} Bd6
{[%clk 1:28:06]} 9. Bb5 {[%clk 1:27:44]} Ke7 {[%clk 1:20:05]} 10. Bxd7
{[%clk 1:23:59]} Bxd7 {[%clk 1:20:01]} 11. Nd5+ {[%clk 1:23:29]} Ke6
{[%clk 1:19:25]} 12. Bxf6 {[%clk 1:19:47]} gxf6 {[%clk 1:18:59]} 13. Nh4
{[%clk 1:19:23]} Bc6 {[%clk 1:12:44]} 14. Nf5 {[%clk 1:17:44]} Bxd5
{[%clk 1:10:17]} 15. Rxd5 {[%clk 1:17:35]} Rhg8 {[%clk 1:09:47]} 16. Rhd1
{[%clk 1:13:01]} Rad8 {[%clk 1:09:10]} 17. c4 {[%clk 1:07:18]} Be7
{[%clk 1:02:46]} 18. Nh6 {[%clk 0:43:28]} Rgf8 {[%clk 1:01:26]} 19. R1d3
{[%clk 0:42:21]} c6 {[%clk 0:59:19]} 20. Rxd8 {[%clk 0:42:41]} Rxd8
{[%clk 0:59:35]} 21. Kc2 {[%clk 0:40:56]} Rd4 {[%clk 0:46:12]} 22. Rxd4
{[%clk 0:40:19]} exd4 {[%clk 0:46:28]} 23. Kd3 {[%clk 0:39:00]} c5
{[%clk 0:45:07]} 24. b4 {[%clk 0:37:38]} b6 {[%clk 0:42:42]} 25. bxc5
{[%clk 0:37:46]} bxc5 {[%clk 0:42:59]} 26. f4 {[%clk 0:37:55]} Bf8
{[%clk 0:42:53]} 27. Nf5 {[%clk 0:38:06]} h6 {[%clk 0:40:24]} 28. Nh4
{[%clk 0:29:52]} Kd7 {[%clk 0:39:48]} 29. Kc2 {[%clk 0:29:21]} Kc6
{[%clk 0:39:49]} 30. Nf3 {[%clk 0:29:39]} Kd6 {[%clk 0:38:56]} 31. Kb3
{[%clk 0:29:54]} Kc7 {[%clk 0:35:22]} 32. Ka4 {[%clk 0:29:55]} Kb7
{[%clk 0:35:04]} 33. Kb5 {[%clk 0:29:56]} a6+ {[%clk 0:33:42]} 34. Ka5
{[%clk 0:29:01]} Bd6 {[%clk 0:32:25]} 35. g3 {[%clk 0:29:25]} Be7
{[%clk 0:32:10]} 36. Ne1 {[%clk 0:28:48]} Bd6 {[%clk 0:31:09]} 37. Nd3
{[%clk 0:29:15]} Bc7+ {[%clk 0:30:52]} 38. Ka4 {[%clk 0:29:39]} Kc6
{[%clk 0:30:49]} 39. Kb3 {[%clk 0:30:00]} Bd6 {[%clk 0:29:46]} 40. Kc2
{[%clk 0:29:36]} Bc7 {[%clk 0:28:38]} 41. Nf2 {[%clk 0:29:41]} h5
{[%clk 0:27:40]} 42. Kd3 {[%clk 0:29:49]} Kd7 {[%clk 0:25:10]} 43. Ke2
{[%clk 0:30:05]} Ke6 {[%clk 0:25:05]} 44. Kf3 {[%clk 0:30:30]} f5
{[%clk 0:23:13]} 45. exf5+ {[%clk 0:29:51]} Kxf5 {[%clk 0:23:21]} 46. Ne4
{[%clk 0:30:17]} Bb6 {[%clk 0:22:45]} 47. Nd6+ {[%clk 0:29:08]} Ke6
{[%clk 0:22:05]} 48. Ne8 {[%clk 0:29:05]} Kf5 {[%clk 0:21:50]} 49. h3
{[%clk 0:28:23]} Kg6 {[%clk 0:21:44]} 50. Ke4 {[%clk 0:27:25]} f5+
{[%clk 0:21:30]} 51. Kf3 {[%clk 0:24:39]} Kf7 1/2-1/2

[Event "XXVI Miedzynarodowy Festiwal Szachowy im.Jozefa Dominika"]
[Site "Dobczyce"]
[Date "2018.07.12"]
[Round "3.9"]
[White "Kucharski, Bartlomiej"]
[Black "Furtak, Joanna"]
[Result "1-0"]
[BlackElo "1948"]
[WhiteElo "1861"]
[LiveChessVersion "1.4.8"]

1. e4 {[%clk 1:27:24]} e5 {[%clk 1:30:56]} 2. Nf3 {[%clk 1:27:37]} Nc6
{[%clk 1:31:22]} 3. Nc3 {[%clk 1:27:56]} Nf6 {[%clk 1:31:48]} 4. Bb5
{[%clk 1:28:12]} Nd4 {[%clk 1:32:11]} 5. Bc4 {[%clk 1:22:08]} c6 {[%clk 1:14:26]}
6. Nxe5 {[%clk 1:08:13]} d5 {[%clk 1:14:16]} 7. exd5 {[%clk 1:06:42]} Qe7
{[%clk 1:14:19]} 8. O-O {[%clk 1:06:09]} Nxc2 {[%clk 1:12:43]} 9. Nxc6
{[%clk 0:43:18]} bxc6 {[%clk 1:12:31]} 10. Qxc2 {[%clk 0:43:42]} Qe5
{[%clk 1:02:59]} 11. d4 {[%clk 0:39:14]} Qxd4 {[%clk 1:01:23]} 12. Qa4
{[%clk 0:39:18]} Qc5 {[%clk 0:56:06]} 13. Be3 {[%clk 0:35:12]} Qd6
{[%clk 0:56:21]} 14. b4 {[%clk 0:34:48]} Bd7 {[%clk 0:56:02]} 15. dxc6
{[%clk 0:33:18]} Qxc6 {[%clk 0:54:56]} 16. Bb5 {[%clk 0:26:40]} Qxc3
{[%clk 0:52:19]} 17. Rfe1 {[%clk 0:26:32]} Be7 {[%clk 0:51:44]} 18. Bxd7+
{[%clk 0:21:52]} Nxd7 {[%clk 0:52:08]} 19. Bc5 {[%clk 0:22:07]} O-O
{[%clk 0:51:35]} 20. Bxe7 {[%clk 0:22:23]} Nb6 {[%clk 0:51:56]} 21. Qb3
{[%clk 0:22:19]} Qxb3 {[%clk 0:50:16]} 22. axb3 {[%clk 0:22:48]} Rfb8
{[%clk 0:49:57]} 23. Bd6 {[%clk 0:22:32]} Rb7 {[%clk 0:50:22]} 24. g3
{[%clk 0:20:35]} f6 {[%clk 0:48:03]} 25. Ra5 {[%clk 0:20:15]} Rd8
{[%clk 0:47:04]} 26. Bc5 {[%clk 0:20:26]} Rd3 {[%clk 0:46:09]} 27. Rea1
{[%clk 0:15:46]} Rdd7 {[%clk 0:44:09]} 28. Rb5 {[%clk 0:15:55]} Kf7
{[%clk 0:41:59]} 29. Kg2 {[%clk 0:15:45]} Ke6 {[%clk 0:39:29]} 30. Ra6
{[%clk 0:15:38]} Rd5 {[%clk 0:39:05]} 31. Rba5 {[%clk 0:12:32]} Rdd7
{[%clk 0:38:09]} 32. Kf3 {[%clk 0:12:24]} g6 {[%clk 0:35:28]} 33. h4
{[%clk 0:12:04]} h5 {[%clk 0:33:59]} 34. Ra2 {[%clk 0:11:56]} Kf7
{[%clk 0:25:05]} 35. Be3 {[%clk 0:10:55]} Ke6 {[%clk 0:24:13]} 36. Rc2
{[%clk 0:10:30]} Rd6 {[%clk 0:22:37]} 37. b5 {[%clk 0:09:15]} Kd7
{[%clk 0:21:16]} 38. b4 {[%clk 0:06:24]} Ke6 {[%clk 0:14:29]} 39. Bf4
{[%clk 0:04:47]} Rd5 {[%clk 0:13:16]} 40. Rc5 {[%clk 0:04:39]} Rd4
{[%clk 0:10:57]} 41. Rc6+ {[%clk 0:03:44]} Kf5 {[%clk 0:09:36]} 42. Be3
{[%clk 0:02:50]} Rxb4 {[%clk 0:09:20]} 43. Bxb6 {[%clk 0:03:09]} axb6
{[%clk 0:09:40]} 44. Raxb6 {[%clk 0:03:31]} Rxb6 {[%clk 0:07:51]} 45. Rxb6
{[%clk 0:04:00]} Rb3+ {[%clk 0:07:41]} 46. Kg2 {[%clk 0:04:10]} Ke5
{[%clk 0:02:55]} 47. Rb8 {[%clk 0:04:01]} Kf5 {[%clk 0:02:39]} 48. b6
{[%clk 0:04:17]} Ke6 {[%clk 0:00:43]} 49. b7 {[%clk 0:04:29]} Kf5
{[%clk 0:00:55]} 50. Kf1 {[%clk 0:04:07]} Rb2 {[%clk 0:01:02]} 51. Ke1
{[%clk 0:03:42]} Kg4 {[%clk 0:01:06]} 52. Rg8 {[%clk 0:03:12]} Rxb7
{[%clk 0:01:19]} 53. Rxg6+ {[%clk 0:03:36]} Kf5 {[%clk 0:01:32]} 54. Rh6
{[%clk 0:04:03]} Rb2 {[%clk 0:01:54]} 55. Kf1 {[%clk 0:03:43]} Ra2
{[%clk 0:01:56]} 56. Rxh5+ {[%clk 0:03:58]} Kg6 {[%clk 0:02:20]} 57. Rd5
{[%clk 0:04:21]} Rb2 {[%clk 0:02:12]} 58. Kg2 {[%clk 0:04:14]} Rb3
{[%clk 0:02:37]} 59. g4 {[%clk 0:04:35]} Ra3 {[%clk 0:02:58]} 60. h5+
{[%clk 0:04:56]} Kh6 {[%clk 0:03:21]} 61. Rf5 {[%clk 0:05:13]} Kg7
{[%clk 0:03:16]} 62. f3 {[%clk 0:05:36]} Ra2+ {[%clk 0:03:29]} 63. Kg3
{[%clk 0:06:01]} Ra4 {[%clk 0:03:55]} 64. Rf4 {[%clk 0:03:37]} Ra2
{[%clk 0:04:14]} 65. Rd4 {[%clk 0:04:01]} Re2 {[%clk 0:04:30]} 66. Kf4
{[%clk 0:04:26]} Ra2 {[%clk 0:04:24]} 67. Rd7+ {[%clk 0:04:50]} Kh6
{[%clk 0:04:06]} 68. Rf7 {[%clk 0:05:06]} Ra6 {[%clk 0:04:30]} 69. Kf5
{[%clk 0:05:31]} Ra3 {[%clk 0:04:11]} 70. Rxf6+ {[%clk 0:05:48]} Kg7
{[%clk 0:04:35]} 71. Kg5 {[%clk 0:05:53]} Ra5+ {[%clk 0:04:52]} 72. Rf5
{[%clk 0:06:17]} Ra6 {[%clk 0:05:20]} 73. f4 {[%clk 0:06:37]} Rb6
{[%clk 0:05:42]} 74. h6+ {[%clk 0:06:22]} Kh8 {[%clk 0:05:14]} 75. Rf6
{[%clk 0:06:42]} Rb8 {[%clk 0:05:36]} 76. f5 {[%clk 0:07:04]} Rg8+
{[%clk 0:05:56]} 77. Kh5 {[%clk 0:07:05]} Rb8 {[%clk 0:06:20]} 78. g5
{[%clk 0:07:32]} Ra8 {[%clk 0:06:43]} 79. g6 {[%clk 0:07:52]} Kg8
{[%clk 0:07:07]} 80. g7 {[%clk 0:08:10]} Kh7 {[%clk 0:07:29]} 81. Rf8
{[%clk 0:08:05]} Rxf8 {[%clk 0:07:53]} 82. gxf8=B 1-0

[Event "XXVI Miedzynarodowy Festiwal Szachowy im.Jozefa Dominika"]
[Site "Dobczyce"]
[Date "2018.07.13"]
[Round "4.1"]
[White "Szczurek, Krzysztof"]
[Black "Mis, Mieszko"]
[Result "0-1"]
[BlackElo "2291"]
[WhiteElo "2136"]
[LiveChessVersion "1.4.8"]

1. e4 {[%clk 1:30:58]} c6 {[%clk 1:30:52]} 2. d4 {[%clk 1:31:19]} d5
{[%clk 1:31:17]} 3. exd5 {[%clk 1:31:24]} cxd5 {[%clk 1:31:41]} 4. Bd3
{[%clk 1:31:48]} Nc6 {[%clk 1:31:57]} 5. Nf3 {[%clk 1:31:49]} Bg4
{[%clk 1:29:44]} 6. c3 {[%clk 1:32:07]} e6 {[%clk 1:28:54]} 7. Nbd2
{[%clk 1:29:08]} Bd6 {[%clk 1:26:56]} 8. Nf1 {[%clk 1:27:35]} Nf6
{[%clk 1:24:56]} 9. Ng3 {[%clk 1:26:08]} O-O {[%clk 1:23:02]} 10. O-O
{[%clk 1:25:21]} Qc7 {[%clk 1:13:40]} 11. h3 {[%clk 1:17:55]} Bxf3
{[%clk 1:11:27]} 12. Qxf3 {[%clk 1:18:17]} e5 {[%clk 1:11:30]} 13. dxe5
{[%clk 1:17:54]} Nxe5 {[%clk 1:11:52]} 14. Qd1 {[%clk 1:18:13]} Rfe8
{[%clk 1:04:49]} 15. Nf5 {[%clk 1:15:19]} Bc5 {[%clk 1:03:01]} 16. Bf4
{[%clk 1:13:05]} Rad8 {[%clk 0:52:47]} 17. Bb5 {[%clk 1:07:18]} Re6
{[%clk 0:45:30]} 18. Nd4 {[%clk 0:41:18]} Rb6 {[%clk 0:43:59]} 19. Bd3
{[%clk 0:41:04]} Rxb2 {[%clk 0:27:19]} 20. Nb5 {[%clk 0:33:46]} Qe7
{[%clk 0:24:24]} 21. Bxe5 {[%clk 0:33:10]} Qxe5 {[%clk 0:24:48]} 22. Qc1
{[%clk 0:33:34]} Rxf2 {[%clk 0:13:18]} 23. Rxf2 {[%clk 0:33:53]} Qg3
{[%clk 0:13:45]} 24. Nd4 {[%clk 0:33:41]} Qxd3 {[%clk 0:14:10]} 25. Qd2
{[%clk 0:33:15]} Qxd2 {[%clk 0:12:47]} 26. Rxd2 {[%clk 0:33:39]} Ne4
{[%clk 0:13:15]} 27. Rd3 {[%clk 0:34:03]} Nxc3 {[%clk 0:13:32]} 28. Kh2
{[%clk 0:33:58]} Ne4 {[%clk 0:12:42]} 29. Nf3 {[%clk 0:31:28]} b6
{[%clk 0:11:17]} 30. Rad1 {[%clk 0:26:13]} Bd6+ {[%clk 0:11:46]} 31. Kg1
{[%clk 0:25:20]} Bc5+ {[%clk 0:12:14]} 32. Kh2 {[%clk 0:25:39]} Nf6
{[%clk 0:12:43]} 33. Nd4 {[%clk 0:25:07]} Re8 {[%clk 0:12:50]} 34. Nb5
{[%clk 0:24:16]} a6 {[%clk 0:11:57]} 35. Nc3 {[%clk 0:24:34]} d4 {[%clk 0:10:39]}
36. Na4 {[%clk 0:24:45]} h5 {[%clk 0:09:24]} 37. Nxc5 {[%clk 0:23:44]} bxc5
{[%clk 0:09:53]} 38. Rc1 {[%clk 0:24:03]} Re5 {[%clk 0:07:48]} 39. Ra3
{[%clk 0:23:36]} Rd5 {[%clk 0:07:54]} 40. Rxa6 {[%clk 0:23:17]} d3
{[%clk 0:08:00]} 41. Ra4 {[%clk 0:23:41]} Nd7 {[%clk 0:06:00]} 42. Kg3
{[%clk 0:11:59]} Nb6 {[%clk 0:05:49]} 43. Ra3 {[%clk 0:12:23]} Nc4
{[%clk 0:03:58]} 44. Rb3 {[%clk 0:11:40]} Ne3 {[%clk 0:04:04]} 45. a4
{[%clk 0:06:48]} d2 {[%clk 0:04:07]} 46. Rcb1 {[%clk 0:07:06]} d1=Q
{[%clk 0:04:17]} 47. Rxd1 {[%clk 0:07:31]} Nxd1 {[%clk 0:04:44]} 48. a5
{[%clk 0:07:55]} c4 {[%clk 0:04:10]} 49. Ra3 {[%clk 0:07:48]} c3 {[%clk 0:03:33]}
50. a6 {[%clk 0:07:50]} Rd8 {[%clk 0:03:41]} 51. Kf3 {[%clk 0:08:10]} c2
{[%clk 0:04:05]} 52. Ra1 {[%clk 0:08:29]} Nb2 {[%clk 0:04:21]} 53. a7
{[%clk 0:08:28]} Ra8 {[%clk 0:04:33]} 54. Ke2 {[%clk 0:08:44]} Rxa7
{[%clk 0:04:57]} 0-1

[Event "XXVI Miedzynarodowy Festiwal Szachowy im.Jozefa Dominika"]
[Site "Dobczyce"]
[Date "2018.07.13"]
[Round "4.2"]
[White "Bednarczyk, Damian"]
[Black "Kasperek, Ryszard"]
[Result "0-1"]
[BlackElo "2156"]
[WhiteElo "2227"]
[LiveChessVersion "1.4.8"]

1. e4 {[%clk 1:30:56]} d6 {[%clk 1:29:18]} 2. d4 {[%clk 1:29:32]} Nf6
{[%clk 1:29:41]} 3. Bd3 {[%clk 1:29:50]} e5 {[%clk 1:28:26]} 4. Ne2
{[%clk 1:29:41]} exd4 {[%clk 1:20:12]} 5. Nxd4 {[%clk 1:29:18]} g6
{[%clk 1:20:36]} 6. Bg5 {[%clk 1:24:56]} Bg7 {[%clk 1:18:52]} 7. O-O
{[%clk 1:22:03]} h6 {[%clk 1:09:44]} 8. Bh4 {[%clk 1:20:14]} O-O {[%clk 1:09:01]}
9. Nc3 {[%clk 1:19:15]} Nbd7 {[%clk 1:00:00]} 10. Re1 {[%clk 1:13:26]} Re8
{[%clk 0:59:24]} 11. f4 {[%clk 0:59:25]} c6 {[%clk 0:58:11]} 12. Nb3
{[%clk 0:58:35]} b5 {[%clk 0:50:31]} 13. Qf3 {[%clk 0:35:06]} Bb7
{[%clk 0:37:27]} 14. e5 {[%clk 0:25:50]} dxe5 {[%clk 0:36:02]} 15. Nxb5
{[%clk 0:26:11]} Qb6+ {[%clk 0:35:18]} 16. Bf2 {[%clk 0:25:16]} cxb5
{[%clk 0:35:39]} 17. Bxb6 {[%clk 0:24:56]} Bxf3 {[%clk 0:35:58]} 18. fxe5
{[%clk 0:25:05]} Nxe5 {[%clk 0:28:25]} 19. Bxb5 {[%clk 0:24:55]} axb6
{[%clk 0:28:45]} 20. Bxe8 {[%clk 0:24:50]} Rxe8 {[%clk 0:29:05]} 21. a4
{[%clk 0:23:33]} Bd5 {[%clk 0:24:43]} 22. Nd4 {[%clk 0:23:15]} Ne4
{[%clk 0:20:48]} 23. Nb5 {[%clk 0:20:43]} Rc8 {[%clk 0:12:12]} 24. Rad1
{[%clk 0:21:34]} Bb7 {[%clk 0:11:51]} 25. c3 {[%clk 0:21:27]} Bf8
{[%clk 0:09:05]} 26. h3 {[%clk 0:19:39]} Bc5+ {[%clk 0:07:31]} 27. Kh2
{[%clk 0:19:58]} Ra8 {[%clk 0:05:32]} 28. b3 {[%clk 0:18:22]} Bf2
{[%clk 0:04:27]} 29. Re2 {[%clk 0:18:36]} f5 {[%clk 0:03:48]} 30. c4
{[%clk 0:17:25]} f4 {[%clk 0:03:12]} 31. Nd6 {[%clk 0:17:05]} Bg3+
{[%clk 0:03:36]} 32. Kg1 {[%clk 0:17:25]} Rd8 {[%clk 0:03:57]} 0-1

[Event "XXVI Miedzynarodowy Festiwal Szachowy im.Jozefa Dominika"]
[Site "Dobczyce"]
[Date "2018.07.13"]
[Round "4.3"]
[White "Golenia, Wojciech"]
[Black "Lewtak, Dominik"]
[Result "0-1"]
[BlackElo "2164"]
[WhiteElo "1984"]
[LiveChessVersion "1.4.8"]

1. e4 {[%clk 1:29:38]} c5 {[%clk 1:30:54]} 2. Nf3 {[%clk 1:29:25]} Nc6
{[%clk 1:31:15]} 3. b3 {[%clk 1:26:12]} Nf6 {[%clk 1:28:28]} 4. e5
{[%clk 1:24:07]} Nd5 {[%clk 1:28:00]} 5. Bb2 {[%clk 1:21:48]} e6 {[%clk 1:24:27]}
6. Nc3 {[%clk 1:14:16]} Nxc3 {[%clk 1:16:25]} 7. Bxc3 {[%clk 1:13:27]} Be7
{[%clk 1:16:37]} 8. Bd3 {[%clk 1:03:18]} O-O {[%clk 1:16:16]} 9. h4
{[%clk 0:57:48]} h6 {[%clk 1:10:37]} 10. g4 {[%clk 0:46:38]} Nb4 {[%clk 1:06:35]}
11. Bxb4 {[%clk 0:39:20]} cxb4 {[%clk 0:54:10]} 12. g5 {[%clk 0:32:26]} hxg5
{[%clk 0:39:23]} 13. Bh7+ {[%clk 0:27:20]} Kxh7 {[%clk 0:39:17]} 14. Nxg5+
{[%clk 0:23:28]} Kg6 {[%clk 0:38:18]} 15. Rg1 {[%clk 0:13:54]} Qa5
{[%clk 0:30:32]} 16. d4 {[%clk 0:10:03]} f5 {[%clk 0:30:03]} 17. Nxe6+
{[%clk 0:05:40]} Kf7 {[%clk 0:30:29]} 18. Nxg7 {[%clk 0:04:34]} Rh8
{[%clk 0:30:02]} 19. Nxf5 {[%clk 0:04:34]} d6 {[%clk 0:28:40]} 20. Qg4
{[%clk 0:03:27]} Bxf5 {[%clk 0:28:15]} 21. Qxf5+ {[%clk 0:03:40]} Ke8
{[%clk 0:28:36]} 22. Qe6 {[%clk 0:03:28]} dxe5 {[%clk 0:27:33]} 23. Rg7
{[%clk 0:03:04]} Qc7 {[%clk 0:26:58]} 24. O-O-O {[%clk 0:03:10]} e4
{[%clk 0:23:34]} 25. Qxe4 {[%clk 0:02:14]} Kd8 {[%clk 0:14:25]} 26. d5
{[%clk 0:01:48]} Qd6 {[%clk 0:14:13]} 27. Rg6 {[%clk 0:01:46]} Bf6
{[%clk 0:13:44]} 28. Re1 {[%clk 0:01:25]} Rf8 {[%clk 0:13:00]} 29. Kb1
{[%clk 0:00:55]} Rc8 {[%clk 0:11:18]} 30. Qd3 {[%clk 0:01:08]} Qc5
{[%clk 0:10:53]} 31. d6 {[%clk 0:00:42]} Qc3 {[%clk 0:09:56]} 32. Qxc3
{[%clk 0:00:48]} Bxc3 {[%clk 0:10:21]} 33. Re7 {[%clk 0:00:49]} Re8
{[%clk 0:09:41]} 34. Rxe8+ {[%clk 0:00:34]} Kxe8 {[%clk 0:10:05]} 35. a3
{[%clk 0:00:40]} Kd7 {[%clk 0:08:40]} 36. axb4 {[%clk 0:00:49]} Re8
{[%clk 0:08:57]} 37. Rg1 {[%clk 0:00:44]} Kxd6 {[%clk 0:07:57]} 38. Ka2
{[%clk 0:01:02]} Re2 {[%clk 0:06:28]} 39. Rg3 {[%clk 0:01:00]} Rxc2+
{[%clk 0:06:06]} 40. Kb1 {[%clk 0:01:03]} Rb2+ {[%clk 0:06:15]} 41. Kc1
{[%clk 0:01:21]} Be5 {[%clk 0:05:59]} 42. Rg6+ {[%clk 0:01:11]} Kd5
{[%clk 0:05:18]} 43. f4 {[%clk 0:01:36]} Bd4 {[%clk 0:05:34]} 44. Rg8
{[%clk 0:01:11]} Rh2 {[%clk 0:05:37]} 45. h5 {[%clk 0:00:34]} Rxh5
{[%clk 0:05:35]} 46. Rd8+ {[%clk 0:01:01]} Ke4 {[%clk 0:05:54]} 47. Rd7
{[%clk 0:01:17]} Kd3 {[%clk 0:06:16]} 0-1